000 00703nam a2200205 i 4500
001 185739
003 ES-MaACL
005 20250806053936.0
008 160805s1986 mx |||| | spa d
020 _a111322
245 0 3 _aEl manual Merck de diagnóstico y terapéutica /
_cdirector en jefe, Robert Berkow ; la traducción..., bajo la dirección de Alberto Folch y Pi.
250 _a7ª ed.
260 _aMéxico :
_bNueva Editorial Interamericana,
_c1986.
300 _aXXXI, 2310 p. ;
_c26 cm.
650 0 7 _aMedicina clínica
_2embne
_914921
700 1 _aBerkow, Robert.
_9160343
700 1 _aFolch i Pi, Alberto.
_951452
852 _aES-MaACL
_jL-9373
999 _c185739
_d185739